La democracia y los derechos humanos en la cooperación de desarrollo de Suecia

Furkejuvvon:
Bibliográfalaš dieđut
Materiálatiipa: Girji
Giella:espánnjágiella
Almmustuhtton: Estocolmo Ministerio de Asuntos Exteriores 1999
Fáttát:
Fáddágilkorat: Lasit fáddágilkoriid
Eai fáddágilkorat, Lasit vuosttaš fáddágilkora!

MARC

LEADER 00000nam a2200000 a 4500
001 UCP6966
003 CL-VaPUC
008 991126e19990000SW |||||||||||||||||spa|d
082 0 4 |a 340.112  |b DEM  |2 21 
245 1 3 |a La democracia y los derechos humanos en la cooperación de desarrollo de Suecia 
300 |a 141 p 
942 |c BK 
945 |d 19991126 00:00:00  |a vberengu 
260 |a Estocolmo  |b Ministerio de Asuntos Exteriores  |c 1999 
650 0 |a Democracia  |9 255256 
650 0 |a Derecho y legislación   |9 255077 
650 0 |a Derechos fundamentales   |9 254841 
650 0 |a Derechos humanos  |9 223025 
651 0 |a Suecia   |9 268974 
583 |a last modification  |c 20170808 01:43:55  |k Rodrigo Vera 
999 |c 284339  |d 284337 
952 |0 0  |1 0  |4 0  |6 340_112000000000000_DEM_1999  |7 0  |8 A  |9 328236  |a BIBDER  |b BIBDER  |d 2019-11-20  |i 3579042  |o 340.112 DEM 1999  |p 3579042  |r 2023-01-25  |w 2019-11-20  |y BK  |k DER